| 000 | 00722cam a2200229 4500500 | ||
|---|---|---|---|
| 005 | 20260329005639.0 | ||
| 041 | _afre | ||
| 042 | _adc | ||
| 100 | 1 | 0 |
_aPerragin, Charles _eauthor |
| 245 | 0 | 0 | _aEst-il encore possible de résister à l’empire des écrans ? Trois livres répondent |
| 260 | _c2024. | ||
| 500 | _a50 | ||
| 690 | _aBug | ||
| 690 | _aGafam | ||
| 690 | _aIntelligence Artificielle | ||
| 690 | _aNumérique | ||
| 690 | _aRéseaux sociaux | ||
| 690 | _aRésistance | ||
| 690 | _aSilicon Valley | ||
| 786 | 0 | _nPhilosophie magazine | 180 | 6 | 2024-06-01 | p. 57-57 | 1951-1787 | |
| 856 | 4 | 1 | _uhttps://shs.cairn.info/magazine-philosophie-magazine-2024-6-page-57?lang=fr&redirect-ssocas=7080 |
| 999 |
_c1845230 _d1845230 |
||